01441 2200301 4500001002100000005001500021035002000036245008600056100003100142250001700173300002800190260003900218082000800257084001400265020002200279650002100301520063200322008004100954990001600995990001601011990001601027990001601043990001601059990001601075990001601091990001601107990001601123INLIS00000000000074020241019075733 a0010-10240000331 aEnsiklopedia IPA :bBuku 2 Antariksa dan Tata Surya /cNurcahyawati Windri Astuti0 aNurcahyawati Windri Astuti aCetakan ke-1 a56 hlm :bIlus ;c25 cm aBekasi :bUranus publishing,c2011 a503 a503 NUR e a978-602-8637-27-5 4aEnsiklopedia ipa aIlmu pengetahuan alam adalah salah satu cabang ilmu yang seringkali menakutkan bagi anak-anak. Walaupun, sebenarnya belajar ilmu pengetahuan alam dapat dilihat atau dirasakan dari kehidupan sehari-hari. Banyak bertanya dan membaca adalah salah satu kunci untuk memahami pengetahuan. Maka dari itu, keenam ensiklopedia ilmu pengetahuan alam ini dibuat. Anak-anak dapat mempelajari bumi, angkasa dan tata Surya, hewan, tumbuhan, tubuh manusia, dan teknologi. Metode yang dibuat pun sangat sederhana berupa pertanyaan dan jawaban disertai gambar-gambar yang menarik. Mempelajari ilmu pengetahuan alam kita tak lagi membosankan.241019 0  a00000003571 a00000003572 a00000003573 a00000003574 a00000003575 a00000003576 a00000003577 a00000003578 a00000003579